000 00786cam a22002773a 4500
001 2126
003 PGUSA
005 20140828083011.0
008 000301s2000||||xxu|||||s|||||000 1 eng d
040 _aPGUSA
_beng
042 _adc
050 4 _aPR
100 1 _aRohmer, Sax,
_d1883-1959
245 1 4 _aThe Quest of the Sacred Slipper
_h[electronic resource] /
_cSax Rohmer
260 _bProject Gutenberg,
_c2000
506 _aPublic domain in the USA.
516 _aElectronic text
653 _aAssassins -- Fiction
653 _aDetective and mystery stories
653 _aMurder -- Fiction
653 _aLondon (England) -- Fiction
653 _aRelics -- Fiction
830 0 _aProject Gutenberg
_v2126
856 4 0 _uhttp://www.gutenberg.org/ebooks/2126
942 _cEB
999 _c231464
_d231464